000 00353pab a2200157 454500
008 180718b2001 xxu||||| |||| 00| 0 eng d
100 _aSathe, Vasant
245 _aStatus quo at Ayodhya?
260 _c2001
300 _ap.10
362 _a17 Jan
650 _aReligion - India
650 _aReligion
773 _aHindustan Times
909 _a48599
999 _c48599
_d48599